000 00463nam a22001817a 4500
003 NUST - PNEC
005 20170116180818.0
008 150610b xxu||||| |||| 00| 0 eng d
020 _a9698305203
040 _cLIBRARY
082 _a364.132'35491 SHA
100 _93840
_aShahid ur Rehman
245 _aShareef Lutere (Urdu)
_cShahid ur Rehman
260 _aLahore
_bHyder Publications
300 _a272 p. :
_c22 cm.
650 _xGeneral
942 _2ddc
_cBK
999 _c63604
_d63604